| 000 | 00616nam a2200169 a 4500 | ||
|---|---|---|---|
| 001 | 000038866 | ||
| 005 | 20201002031411.0 | ||
| 008 | 130430s2012 dr a r 000 0 spa d | ||
| 020 | _a9789945468083 | ||
| 040 |
_aDO-SdBNP _bspa _cBNPHU |
||
| 082 |
_axxxx _bR426i |
||
| 110 | 1 |
_aRepública Dominicana. _bInstituto Nacional de Recursos Hidráulicos _920458 |
|
| 245 | 1 | 0 | _aRiego e institucionalidad en la República Dominicana. |
| 246 | 1 | 4 |
_aRiego e institucionalidad en la República Dominicana: _bpor un nuevo mundo rural |
| 260 |
_aSanto Domingo : _bINDHRI, _c2012. |
||
| 300 |
_a165 p. : _bil., mapas, retrs. ; _c24 cm. |
||
| 999 |
_c38356 _d38356 |
||